000 00687nam a2200265Ia 4500
003 OSt
005 20220912150638.0
006 a|||||r|||| 00| 0
007 ta
008 220909b |||||||| |||| 00| 0 eng d
024 _a50095
037 _cTextual
040 _aCSL
_beng
_cCSL
041 _aeng
082 _aI:4360j5, L8
100 _aNorton Don C
245 0 _aEcology of plant-parasitic nematodes
260 _aNew York
_b John Wiley
_c1978
300 _axiii,260p.
_ccm.
500 _aBibliography 211-257p
650 _a Plant pathology
650 _aBotany
942 _hI:4360j5, L8
_cTEXL
_2CC
999 _c51758
_d51758